Statistics for Hangul Alphabet

Click here to take the quiz!

General Stats

  • This quiz has been taken 16,969 times
  • The average score is 27 of 35

Answer Stats

TypeHangulRomanized% Correct
Consonantg/k
97%
Consonantm/m
96%
Consonant'/ng
96%
Consonantn/n
96%
Consonants/t
96%
Consonantb/p
95%
Consonantd/t
95%
Consonantr/l
95%
Vowela
94%
Consonantj/t
91%
Consonantch/t
89%
Consonanth/t
89%
Consonantk/k
88%
Consonantp/p
87%
Consonantt/t
86%
Vowelya
85%
Vowelo
83%
Vowelae
81%
Voweleo
76%
Voweli
76%
Vowelu
75%
Vowelyae
74%
Vowele
73%
Vowelyeo
73%
Vowelyo
70%
Vowelwa
69%
Vowelye
69%
Vowelyu
67%
Vowelwae
66%
Voweleu
65%
Vowelwi
55%
Vowelwe
54%
Vowelui/yi
51%
Vowelwo
50%
Voweloe
37%

Score Distribution

Percentile by Number Answered

Percent of People with Each Score

Your Score History

You have not taken this quiz